Dicionário da língua portuguesa (Record no. 185777)

MARC details
000 -LÍDER
campo de controle de tamanho fixo 00407 a2200169 4500
001 - NÚMERO DE CONTROLE
campo de controle 185777
020 ## - ISBN - INTERNATIONAL STANDARD BOOK NUMBER
ISBN - International Standard Book Number 85-7472-294-4
040 ## - FONTE DA CATALOGAÇÃO
Instituição que transcreveu o registro Magnum
100 ## - ENTRADA PRINCIPAL--NOME PESSOAL
Nome pessoal Ferreira, Aurelio Buarque de Holanda
240 10 - TÍTULO UNIFORME
Título uniforme Dicionário da língua portuguesa
Idioma da obra por
245 10 - TÍTULO
Título Dicionário da língua portuguesa
300 ## - DESCRIÇÃO FÍSICA
Extensão 344
362 0# - DATAS DE PUBLICAÇÃO E/OU DESIGNAÇÃO SEQUENCIAL
Datas de publicação e/ou designação sequencial 2005
440 #1 - DECLARAÇÃO DE SÉRIE/ENTRADA ADICIONADA--TÍTULO
Título Positivo
697 ## - ENTRADA DE ASSUNTO LOCAL--ENTIDADE COLETIVA (RLIN)
Nome corporativo ou nome da jurisdição LITERATURA INFANTO
942 ## - ELEMENTOS DE ENTRADA ADICIONADOS (KOHA)
Tipo de material Koha Livros
Holdings
Situação do descarte Situação das perdas Situação física Não pode ser emprestado Biblioteca de origem Biblioteca atual Data de aquisição Total de empréstimos Número de chamada completo Código de barras Data de último acesso Data do preço efetivo Tipo de material Koha
        Magnum Magnum 08/06/2024   869.1.108 MAG00049962 08/06/2024 08/06/2024 Livros